00359nam a2200145Ia 4500008004100000020001500041041001200056082001600068100001500084245004500099260002500144300000800169650001700177700001900194221030s9999 xx 000 0 und d a0074635999 aEnglish a105.23bBee aF. P. Beer 0aVector Mechanics For Engineers - Statics bTMHaNew Delhic2001 a601 aBB Mechanics aE. R. Johnston